दमयंती / (Record no. 112774)

MARC details
000 -LEADER
fixed length control field 00988nam a22002537a 4500
005 - DATE AND TIME OF LATEST TRANSACTION
control field 20170124102943.0
010 ## - LIBRARY OF CONGRESS CONTROL NUMBER
LC control number A-616291
020 ## - INTERNATIONAL STANDARD BOOK NUMBER
Terms of availability 40.00
035 ## - SYSTEM CONTROL NUMBER
System control number A-616291
037 ## - SOURCE OF ACQUISITION
Source of stock number/acquisition Cen Lib/Ret
040 ## - CATALOGING SOURCE
Original cataloging agency DPL
Language of cataloging HN
082 ## - DEWEY DECIMAL CLASSIFICATION NUMBER
Classification number 822
Item number त्रिपाठी
100 ## - MAIN ENTRY--PERSONAL NAME
Personal name त्रिपथ, राधाबल्लभ
9 (RLIN) 6449
245 ## - TITLE STATEMENT
Title दमयंती /
Statement of responsibility, etc राधाबल्लभ त्रिपाठी
246 ## - VARYING FORM OF TITLE
Title proper/short title Damyanti /
Remainder of title by Radhabalbhb Tripathi
260 ## - PUBLICATION, DISTRIBUTION, ETC. (IMPRINT)
Place of publication, distribution, etc इलाहाबाद
Name of publisher, distributor, etc नाट्य परिषद
Date of publication, distribution, etc 1991
270 ## - ADDRESS
Address C-24, गौर नगर सागर
City इलाहाबाद
Postal code 47003
300 ## - PHYSICAL DESCRIPTION
Extent 83पृ.
Dimensions 19सेमी(सजिल्द)
650 ## - SUBJECT ADDED ENTRY--TOPICAL TERM
Topical term or geographic name as entry element हिंदी साहित्य
9 (RLIN) 49127
650 ## - SUBJECT ADDED ENTRY--TOPICAL TERM
Topical term or geographic name as entry element हिंदी कहानियां
9 (RLIN) 2082
650 ## - SUBJECT ADDED ENTRY--TOPICAL TERM
Topical term or geographic name as entry element Hindi litarature
9 (RLIN) 49128
650 ## - SUBJECT ADDED ENTRY--TOPICAL TERM
Topical term or geographic name as entry element Hindi stories
9 (RLIN) 49129
942 ## - ADDED ENTRY ELEMENTS (KOHA)
Source of classification or shelving scheme Dewey Decimal Classification
Koha item type Hindi Books
Classification part 822
Call number suffix त्रिपाठी
Holdings
Withdrawn status Lost status Damaged status Not for loan Home library Current library Date acquired Source of acquisition Cost, normal purchase price Total Checkouts Full call number Barcode Date last seen Date checked out Copy number Cost, replacement price Price effective from Koha item type
        Central Library Central Library 10/08/2015 Cen Lib/Ret 40.00 1 822 त्रिपाठी A-616291 04/07/2017 16/05/2017 1 40.00 10/08/2015 Hindi Books

© Delhi Public Library
Hit Counter
free hit counter